dichtbevolkste landen - Statistieken

Algemene statistieken
  • Deze quiz is 14 keer genomen
  • De gemiddelde score is 10 van 15
Antwoordstatistieken
nummer Antwoord % Correct
1 bangladesh
100%
4 monaco
100%
6 nederland
100%
2 india
91%
8 japan
91%
7 china
82%
5 singapore
73%
14 indonesie
64%
9 zuid korea
64%
15 filipijnen
55%
3 pakistan
55%
13 thailand
45%
10 egypte
18%
12 vs
18%
11 zuid afrika
9%
Geen overeenkomende quizzen gevonden
Scoreverdeling
Procent van Mensen met Elke Score
Percentiel versus Aantal Correcte Antwoorden
Uw Scoregeschiedenis
U heeft deze quiz nog niet genomen